| 000 | 01125 a2200229 4500 | ||
|---|---|---|---|
| 003 | Nust | ||
| 005 | 20170207154028.0 | ||
| 010 | _a 2002275904 | ||
| 020 | _a0766817156 (pbk.) | ||
| 035 | _a(OCoLC)ocm46611660 | ||
| 040 | _cNust | ||
| 082 | _a621.395 | ||
| 100 | 1 | _aBlack, Daniel J. | |
| 245 | 1 | 0 |
_aTechnician's guide to the 68HC11 microcontroller -(E-BOOK) _cDaniel J. Black. |
| 246 | 3 | _a68HC11 microcontroller | |
| 260 |
_aAlbany, NY : _bDelmar, Thomson Learning, _cc2001. |
||
| 300 |
_axvi, 389 p. : _bill. ; _c23 cm. |
||
| 505 | _aIntroduction to Computer Hardware(Page-1) Introduction to Computer Software(Page-27) HC11 Programming(Page-53) Branching and Loops(Page-93) Indexing Through Memory(Page-119) Subroutines(Page-137) Working with an Assembler(Page-161) Memory Systems(Page-173) General Purpose I/O(Page-195) HC11 Interrupts and Resets(Page-215) Analog Capture—Port E(Page-245) Timed Events—Port A(Page-265) Serial Communication—Port D(Page-297) C Programming Using the HC11(Page-317) | ||
| 650 | 0 | _aDigital control systems | |
| 650 | 0 |
_aMotorola 68HC11 (Microprocessor) _xProgramming |
|
| 651 | _aE-BOOK | ||
| 942 |
_2ddc _cBK |
||
| 999 |
_c191988 _d191988 |
||